MDQL
is popping MORE tags! Check the
thread
!
Quizzes
Events
Quiz Creation
Community
Videos
Private Events
Remove Ads
Sign In
Join for FREE
Feedback
Dark Mode
Quiz Categories
Sports
Geography
Music
Movies
Television
Just For Fun
Miscellaneous
History
Literature
Language
Science
Gaming
Entertainment
Religion
Holiday
For Kids
Quiz Lab
Recent
Popular Today
Quiz Kudos Today
Editor Picks
Curator Picks
Quizzes by...
Day
Popularity
Type
Ratings
Length
Year
Community
Subscriptions
Recent Discussions
Orange Saloon
Badges
Playlists
Quests
Create
Leaderboards
Showdown
Live 5
Trivia Bingo
Activity
Puzzle Library
Sporcle Events
Private Events
Virtual Trivia
Globe League
Become a Host
Pub Owners
SporcleCon
Opinionation
Our Games
Videos
Blog
Mobile Apps
Partnerships
Remove Ads and Go Orange
Feedback
Just For Fun
Clickable
Get the Picture
Humor
Quick Pick
Word Ladder
Missing Word
Mixed Word
Blitz
Minefield
This or That
Alphabet
Color
Typing
Sporcle
Puzzle
Word Play
Follow That Line
Logic
Just For Fun
Clickable
Get the Picture
Humor
Quick Pick
Word Ladder
Missing Word
Mixed Word
Blitz
Minefield
This or That
Alphabet
Color
Typing
Sporcle
Puzzle
Word Play
Follow That Line
Logic
Random Quiz
Search Sporcle
×
Quiz Lab
Quiz Lab
Just For Fun
Letter Abbreviations
Type in answers that appear in a list
Type in answers that appear in a list
Classic
Best Score? Go Orange.
Acronym Challenge II Stats
Name the words that each acronym represents.
By
AEJCCS
5m
62 Questions
135 Plays
135 Plays
135 Plays
Comments
Comments
Give Quiz Kudos
Give Quiz Kudos
-
- Ratings
hide this ad
Replay
Link that replays current quiz
Next Quiz
Link to next quiz in quiz playlist
You Got
0%
They Got
Avg Score
31%
Avg Friend Score
Upgrade to see
Score Distribution
Jump to the score distribution portion of the page
Score
0/62
Timer
05:00
0
Plays Today
% Correct
A.
96.3%
&
96.3%
and
96.3%
and
96.3%
Without
79.3%
Leave
77%
Breathing
73.3%
Underwater
71.9%
Apparatus
71.1%
Absent
71.1%
Self-
60.7%
Contained
59.3%
National
51.9%
Light
51.9%
Tactics
47.4%
Weapons
46.7%
Special
45.2%
Zone
44.4%
Company
43.7%
Insurance
43%
Mars
42.2%
Radio
37%
Code
36.3%
Penney
31.1%
Official
28.9%
Government
27.4%
Radiation
27.4%
Detection
23.7%
Employees
23%
Value
22.2%
Amplification (by the)
22.2%
% Correct
Emission (of)
22.2%
Association (of)
21.5%
Improvement
19.3%
Electric
18.5%
Stimulated
17.8%
Ranging
17.8%
Joint
14.1%
Plan
13.3%
James
13.3%
Securities
12.6%
Group
12.6%
Rifle
10.4%
Consumer
10.4%
Stores
10.4%
Dealers
9.6%
Thomas
8.9%
Swift's
8.9%
Experts
8.1%
Yet
7.4%
Another
7.4%
Cash
7.4%
Quotations
6.7%
Photographic
6.7%
Automated
5.9%
Art
5.9%
Oracle
4.4%
Office
3.7%
Mercedes
3.7%
Murrie
3%
Hierarchal
2.2%
Swatch
2.2%
Quiz Playlist
Details
Report
Send in Message
Add To Playlist
Classic:
Type in answers that appear in a list
Quiz Source
Last Updated: Feb 16, 2017
Quiz Scoreboard
CHALLENGE
Sign Up to Join the Scoreboard
Show All
Scores
Hide
Comments
May contain spoilers
Recently Published
Two Season TV Shows II
by 123Four
Television
10m
Image Sorting: Flags VI
by Barbecue
Geography
2m
Find the 'City' Movie
by crazypaving
Movies
60s
More to Explore
Quiz From the Vault
Featured Blog Post
14 Easter Pick-up Lines to Find Eggs With
hide this ad
You Might Also Like...
Tags
Abbreviation
Acronym
Letter Abbreviations
Today's Top Quizzes in Just For Fun
Browse Just For Fun
hide this ad
Today's Top Quizzes in Letter Abbreviations
Browse Letter Abbreviations
Top Contributed Quizzes in Just For Fun
1
Name Just One - 10 to 1: Just For Fun
2
Missing Word: 2-Letter A-Z II
3
Avatar the Last Airbender: Logic Puzzle
4
Missing Letter Whitney Houston Songs
5
Missing Word: 'Of' Things A-Z
6
It's Magic / Witchcraft 🎩🪄🧙♀️
7
Survivor Winners Logic Puzzle
8
Eurovision 2024 Countries Logic Puzzle
9
Killer Double Trees 224 - Colour Match-Up
10
Click the Differences: Playground
Explore More
Trending Topics
Anime
Harry Potter
Marvel
NBA
Kpop
Crossword
Disney
The Office
Soccer
Pokémon
NFL
WWE
Song
Country
Puzzle
hide this ad
More By:
AEJCCS
Quiz
Plays
Rating
Category
Featured
Created
The Same Game
27,236
3.90
Just For Fun
Mar 17, 2015
Give Me Five!
740
3.44
Just For Fun
Mar 26, 2015
Foreign Language Match
732
4.70
Language
Mar 11, 2015
ECHL
710
3.80
Sports
Mar 10, 2015
Days of the Month (Japanese)
645
5.00
Language
Feb 27, 2015
Go to Creator's Profile
Score Distribution
Quiz Creator Spotlight
AEJCCS
Follow
Send a Message
Quizzes Created
-
Created Quiz Play Count
-
More By This Creator
Popular Quizzes Today
1
Find the US States - No Outlines Minefield
2
Colored Red Africa Blitz
3
Find the 'City' Movie
4
5x2 Blitz: Bands
5
The Countries of the World
6
Find the Countries of Europe - No Outlines Minefield
7
Find the US States
8
US States
More Just For Fun Quizzes
6x6 Sudoku
Published
Trending Quizzes
Colored Red Europe Blitz I
Colored Red Africa Blitz II
Colored Red Europe Blitz II
Colored Red Europe Blitz III
Colored Red Africa Blitz III
Recently Updated
How Do You Spell That?
pecheneg
Godzilla Movies
pecheneg
Grab Bag: 4-10 Letters
pecheneg
2024 March Madness Bracket
pecheneg
Famous TV Couples
Peacemaker
Champions League XIs: Real Madrid
pecheneg
Largest US Cities 1790-2010
pecheneg
Rides in Walt Disney World
pecheneg
Most Oscar Losses (Acting)
pecheneg
Beyoncé Albums
pecheneg
Trending Topics
Crossword
Kpop
Anime
Marvel
Harry Potter
NBA
Disney
Puzzle
Soccer
Pokémon
Country
The Office
NFL
WWE
Song
Your Account Isn't Verified!
In order to create a playlist on Sporcle, you need to verify the email address you used during registration. Go to your
Sporcle Settings
to finish the process.
Report this User
Report this user for behavior that violates our
Community Guidelines
.
Details:
Send Report
Go to the Sporcle.com Mobile Site →
Comments